000 00681nam a2200289Ia 4500
005 20260324131644.0
008 008 260324s9999 xx 000 0 eng d
020 _a9780203956199
037 _aEBOOK
040 _aCRL
040 _beng
040 _cCRL
041 _2eng
041 _aeng
084 _qCRL
100 _aPeter Goodrich; Mariana Valverde
_91186323
245 0 _aNietzsche and Legal Theory
245 0 _bHalf-Written Laws
260 _bTaylor and Francis
260 _c2006
365 _a
365 _b255
856 _uhttp://www.taylorfrancis.com/books/9780203956199
942 _cEBOOK
999 _c1783697
_d1783697